000 00914nas a2200289 4500
001 BR2017001768
003 BR-BrBNA
005 20231205131010.0
007 ta
008 230509b bl.|||p| |||| 00| 00por d
040 _aBR-BrBNA
_bpor
_cBiblioteca Nacional de Agricultura
041 _a(Pt)
072 _aF70
100 1 _aGranemann, F.S.
100 1 _aSantos, K.L. dos
100 1 _aGranemann, F.
100 1 _aSteiner, N.
245 1 _aCaracterização de espécies vegetais nativas com potencial ornamental de ocorrência na região de Curitibanos, SC
650 _aPLANTA ORNAMENTAL
650 _aCOMPOSIÇÃO BOTÂNICA
650 _aPAISAGISMO
650 _aFENOLOGIA
650 _aMORFOLOGIA VEGETAL
773 0 _tAgropecuária Catarinense (Brazil)
_xISSN 0103-0779
_g(Jan-Apr 2017), v. 30(1) p. 79-83
_wBR2017001768
909 _a202311
_bLúcia
_c55
_dLúcia Elande
942 _2AGRIS
_n0
_cANA
999 _c252505
_d252505